| 000 | 00522pab a2200181 454500 | ||
|---|---|---|---|
| 008 | 180718b1997 xxu||||| |||| 00| 0 eng d | ||
| 100 | _aJha, Praveen | ||
| 245 | _aDevil take the hindmost: economic reforms and agricultural labourers | ||
| 260 | _c1997 | ||
| 300 | _ap.1066-068 | ||
| 362 | _a17 & 24 May | ||
| 650 | _aIndia - Economic policy | ||
| 650 | _aAgricultural workers | ||
| 650 | _aEconomic and social development | ||
| 650 | _aEconomic reform | ||
| 773 | _aEconomic and Political Weekly | ||
| 909 | _a34587 | ||
| 999 |
_c34587 _d34587 |
||